LEADER 01096nam 22002651a 450 001 996395929003316 005 20191112152417.0 035 $a(CKB)4330000000323527 035 $a(EEBO)2240954146 035 $a(UK-CbPIL)2054105 035 $a(UK-CbPIL)LION-pr-000211 035 $a(EXLCZ)994330000000323527 100 $a20191112e1649uuuu m| | 101 0 $aeng 135 $aur||||||||a|| 200 13$aAn Apologie For Paris. For Rejecting Of Juno, and Pallas, and Presenting Of Ate's Golden Ball To Venus$eWith a Discussion Of the Reasons That Might Induce Him To Favour Either Of the Three. Occasioned By a Private Discourse, Wherein the Trojans Judgment Was Carped At By Some, and Defended By R: B$b[electronic resource] 210 $aLondon $cPrinted for Th. Dring [etc.]$d1649 215 $a1 online resource 700 $aBaron$b Robert$0104436 801 0$bUk-CbPIL 801 1$bUk-CbPIL 906 $aBOOK 912 $a996395929003316 996 $aAn Apologie For Paris. For Rejecting Of Juno, and Pallas, and Presenting Of Ate's Golden Ball To Venus$92779414 997 $aUNISA LEADER 00940nas 2200385 c 450 001 9910147015903321 005 20251012103809.0 035 $a(DE-599)ZDB2023552-5 035 $a(OCoLC)1183389894 035 $a(DE-101)020769938 035 $a(CKB)1000000000526074 035 $a(EXLCZ)991000000000526074 100 $a20000905a19999999 |y | 101 0 $ager 135 $aur||||||||||| 181 $ctxt$2rdacontent 182 $cc$2rdamedia 183 $acr$2rdacarrier 200 10$aSAP.info 210 31$aWalldorf$cSAP$d1999- 215 $aOnline-Ressource 300 $aGesehen am 20.02.09 311 08$a1619-6759 608 $aZeitschrift$2gnd-content 608 $aWerkzeitschrift$2gnd-content 676 $a070 676 $a004 676 $a360 801 0$b0089 801 1$bDE-101 801 2$b9999 906 $aJOURNAL 912 $a9910147015903321 996 $aSAP.info$94436615 997 $aUNINA